000
00270 a2200109 4500
001
63444
082
_a
352.002 GOP
090
_c
37502
_d
37502
100
_a
Govt of Punjab
245
_a
Ombudsman (Mohtasib) Punjab
_h
English
260
_a
Lahore, Punjab
_b
Govt of Junjab
942
_a
CAE NUST
_k
352.002 GOP
999
_c
298517
_d
298517